000 00483cam a22001457a 4500
008 180718b2006 xxu||||| |||| 00| 0 eng d
082 _aT39 B146
100 _aBagai, Shweta
245 _aThe data chase: what's out there on trade costs and nontariff barriers?
_cby Shweta Bagai and John S. Wilson
260 _aWashington, D.C.
_bWorld Bank
_c2006
300 _a70p.
440 _aPolicy research working paper 3899
650 _aInternational relations
700 _aWilson, John S.
999 _c293415
_d293415